000 00544nam a2200193 a 4500
001 23435
005 20180713221512.0
008 140415s1994 ck 000 0 spa d
020 _a070107769
041 _aspa
082 _a627.13
_bCHO
100 1 _aCHOW, VEN TE
245 1 0 _aHIDRAULICA DE CANALES ABIERTOS
250 _a1a ed.
260 _aCOLOMBIA :
_bMCGRAW-HILL INTERAMERICANA,
_c1994
300 _a667
650 1 4 _aCANALES (INGENIERIA HIDRAULICA)
_xINGENIERIA HIDRAULICA
700 1 _aSALDARRIAGA, JUAN G.
_etr.
999 _c23435
_d23435